• 首页
  • 本馆介绍
  • 公告通知
  • 最新文献
  • 馆藏检索
  • 电子资源
  • 读者导购
  • 参考咨询
  • 我的图书馆
  • 登录
  • 详细信息显示
  • 放入我的书架
  • 预约/预借图书
  • 作者相关作品
  • 分类相关作品
  • 丛书相关作品
  • 出版社相关作品

书目信息

  • 表格格式
  • 工作单格式
  • 卡片格式
题名:
西方政治制度
    
 
作者: ;全国高等教育自学考试指导委员会组 编
分册:  
出版信息: 北京   高等教育出版社  2001
页数: 462页
开本: 20cm
丛书名:
单 册:
中图分类: D521
科图分类:
主题词: 国际政治
电子资源:
ISBN: 7-04-008567-4
000 00883nam0 2200217 450
001 0635157828
005 20061012094732.87
010    @a7-04-008567-4@dCNY19.00
100    @a20061012d2001 km y0chiy0120 ea
101 0  @achi
102    @aCN@b110000
200 1  @a西方政治制度@Axi fang zheng zhi zhi du@e附:西方政治制度自学考试大纲@f全国高等教育自学考试指导委员会组编@Fquan guo gao deng jiao yu zi xue kao shi zhi dao wei yuan hui zu bian
210    @a北京@c高等教育出版社@d2001
215    @a462页@d20cm
300    @a全国高等教育自学考试指定教材行政管理学专业(独立本科段)
517 1  @a附:西方政治制度自学考试大纲@Afu:xi fang zheng zhi zhi du zi xue kao shi da gang
606 0  @a国际政治
690    @aD521@v3
711  0 @a全国高等教育自学考试指导委员会组@Aquan guo gao deng jiao yu zi xue kao shi zhi dao wei yuan hui zu@4编
801  0 @aCN@bPFT@c20061012
905    @a10447@dD521@e135
    
    西方政治制度:附:西方政治制度自学考试大纲/全国高等教育自学考试指导委员会组编.-北京:高等教育出版社,2001
    462页;20cm
    全国高等教育自学考试指定教材行政管理学专业(独立本科段)
    
    ISBN 7-04-008567-4:CNY19.00
    
●
相关链接 在E读中查询图书 在五车中查询图书 在当当中查询图书 在豆瓣中查询图书


正题名:西方政治制度     索取号:D521/135         预约/预借

序号 登录号 条形码 馆藏地/架位号 状态 备注
1 0501689   205016891   密集书库/ [索取号:D521/135] 在馆    
唐山师范学院图书馆 欢迎您!
大连网信软件有限公司© 版权所有